000 01156cam a2200277 i 4500
003 SA-RiAUC
005 20250119123743.0
008 250117s1985 le f b 00000 ara c
040 _aSA-RiAUC
_bara
_cSA-RiAUC
_erda
082 0 4 _a347.06
090 _a347.06
_b ن ا هـ
100 1 _aالناهي، صلاح الدين عبد اللطيف،
_d1914-2012
_eمؤلف.
245 1 2 _aالوجيز في مبادئ الإثبات والبينات :
_bدراسة تحليلية اقتصادية موازنة /
_cتأليف صلاح الدين الناهي.
264 1 _aبيروت :
_bالمؤسسة العربية للدراسات والنشر،
_c1985
300 _a130 صفحة ؛
_c24 سم
336 _aنص
_btxt
_2rdacontent
_3كتاب
337 _aبدون وسيط
_bn
_2rdamedia
338 _aمجلد
_bnc
_2rdacarrier
504 _aببليوجرافية : صفحة 123-124.
650 7 _aالقانون
_2aucsh
650 7 _aالمحاكمات
_2aucsh
650 7 _aمحاكم الأحوال الشخصية
_2aucsh
650 7 _aالإثبات (قانون)
_2aucsh
942 _2ddc
_cBOOK
_n0
949 _aSA-JeALM
_d250117
_umohamedma123
_n1
999 _c4969
_d4969